| 000 | 00961nam a22002297a 4500 | ||
|---|---|---|---|
| 999 |
_c21547 _d21547 |
||
| 003 | AR-CdUCM | ||
| 008 | 190311b ||||| |||| 00| 0 spa d | ||
| 020 | _a9786123174484 | ||
| 040 |
_aMUNICIPALIDAD PROVINCIAL DEL CUSCO _cBIBLIOTECA MUNICIPAL DEL CUSCO |
||
| 082 |
_a342.1/S17 _bS17 |
||
| 100 |
_aSalmón, Elizabeth _945320 |
||
| 245 |
_aCurso de derecho internacional público / _cElizabeth Salmón |
||
| 260 |
_aLima : _bPontificia Universidad Católica del Perú, _c2018. |
||
| 300 |
_a354 páginas. : _bilustraciones ; _c21 cm. |
||
| 505 | _aContenido: La sociedad internacional y su derecho. Los sujetos del derecho internacional. Formación del derecho internacional. Aplicación del derecho internacional. | ||
| 650 |
_aDerecho internacional público _925035 |
||
| 650 |
_aEstudio y enseñanza _92610 |
||
| 650 |
_aDerecho internacional _95497 |
||
| 710 |
_aPontificia Universidad Católica del Perú _9400 |
||
| 942 |
_2ddc _cLIBROS |
||
| 945 | _aRoel | ||